=LDR 00000nam 2200000 4500 =001 INLIS000000000024152 =005 20130612122746 =008 ***********************************Ind** =035 ##$$0010-061300000024152 =041 ##$$a Ind =082 ##$$a 398.2 =090 ##$$a 3982, Rah d =100 ##$$a Rahimsyah, MB =245 ##$$a Dongeng anak muslim lengkap, MB. Rahimsyah =260 ##$$a 2003 $b Jombang =300 ##$$a 224 hlm, ilus, 17 cm =650 ##$$a Dongeng =850 ##$$a NBPNMAT